| 000 | 00902nam a22002777a 4500 | ||
|---|---|---|---|
| 001 | 10003 | ||
| 003 | FISKH | ||
| 005 | 20260325105959.0 | ||
| 008 | 260325b cb ||||| |||| 00| 0 eng d | ||
| 020 | _a9780439819770 | ||
| 040 |
_aFISKH _beng _cFISKH _dFISKH |
||
| 050 | _aQP141 .R536 | ||
| 082 | _a613.2 | ||
| 100 |
_aRockwell, Lizzy _eAuthor |
||
| 245 |
_aGood enough to eat : _bA kid's guide to food and nutrition / _cLizzy Rockwell |
||
| 260 |
_aNew York : _bScholastic Inc. , _c1999 |
||
| 300 |
_a30 unnumbered pages : _bcolor illustrations ; _c26 cm |
||
| 505 | _aN | ||
| 520 | _aDescribes the six categories of nutrients needed for good health, how they work in the body, and what foods provide each. | ||
| 521 | 8 |
_a580
_bLexile AD |
|
| 521 | 8 |
_aN
_bRaz-Plus |
|
| 650 |
_aNutrition _vHealthy eating |
||
| 650 |
_aFood groups _vHealth |
||
| 942 |
_2ddc _cBK _n0 |
||
| 999 |
_c10003 _d10003 |
||